| 000 | 00858nam a2200241 a 4500 | ||
|---|---|---|---|
| 001 | 000024147 | ||
| 005 | 20200930022746.0 | ||
| 008 | 110119s1957 sp r 000 0 spa d | ||
| 040 |
_aDO-SdBNP _bspa _cBNPHU |
||
| 041 | 1 | 7 |
_aspa _heng |
| 082 |
_axxxxx _bM367m |
||
| 100 | 1 |
_aMarshall, Bruce, _d1899-1987 _949578 |
|
| 245 | 1 | 3 |
_aEl mundo, la carne y el padre Smith / _cBruce Marshall ; traducción Juan José Permanyer. |
| 260 |
_aBarcelona : _bLuis de Caralt, _c1957. |
||
| 300 |
_a280 p. ; _c20 cm. |
||
| 490 | 1 | _aColección Gigante | |
| 502 | _aIncluye referencias bibliográficas y notas al pie de las páginas. | ||
| 534 |
_pTít. original:. _tThe world, the flesh and father Smith |
||
| 650 | 2 | 4 |
_aNovela escocesa _933957 |
| 650 | 2 | 4 |
_aLiteratura escocesa _933958 |
| 700 | 1 |
_aPermanyer, Juan José, _etr. _949579 |
|
| 830 | 0 |
_aColección Gigante _949580 |
|
| 999 |
_c23641 _d23641 |
||